Introducción a la embriología / (Record no. 28633)

MARC details
000 -LEADER
campo de control de longitud fija 00592nam a2200193 i 4500
001 - NÚMERO DE CONTROL
campo de control 28633
003 - IDENTIFICADOR DE NÚMERO DE CONTROL
campo de control ES-MaACL
005 - FECHA Y HORA DE LA ÚLTIMA TRANSACCIÓN
campo de control 20250720013019.0
007 - CAMPO FIJO DE DESCRIPCIÓN FÍSICA--INFORMACIÓN GENERAL
campo de control de longitud fija t|
008 - DATOS DE LONGITUD FIJA--INFORMACIÓN GENERAL
campo de control de longitud fija 030117s1965 sp ||||1| spa d
100 1# - ENTRADA PRINCIPAL--NOMBRE DE PERSONA
Nombre de persona Balinsky, B. Y.
9 (RLIN) 24941
245 10 - MENCIÓN DEL TÍTULO
Título Introducción a la embriología /
Mención de responsabilidad, etc. B. Y. Balinsky ; traducción por Antonio Prevosti.
260 ## - PUBLICACIÓN, DISTRIBUCIÓN, ETC.
Lugar de publicación, distribución, etc. Barcelona :
Nombre del editor, distribuidor, etc. Omega,
Fecha de publicación, distribución, etc. [1965]
300 ## - DESCRIPCIÓN FÍSICA
Extensión 631 p. :
Otras características físicas il. ;
Dimensiones 23 cm.
650 #7 - PUNTO DE ACCESO ADICIONAL DE MATERIA--TÉRMINO DE MATERIA
Término de materia o nombre geográfico como elemento de entrada Embriología
Fuente del encabezamiento o término embne
9 (RLIN) 135971
700 1# - ENTRADA AGREGADA--NOMBRE PERSONAL
Nombre de persona Prevosti, Antonio.
9 (RLIN) 93823
852 ## - LOCALIZACIÓN
Ubicación ES-MaACL
Número de control de estantería C-28028
Sublocalización o colección R.57375
Holdings
Estatus retirado Estado de pérdida Estado de daño No para préstamo Biblioteca de origen Biblioteca actual Ubicación en estantería Fecha de adquisición Fuente de adquisición Total de préstamos Signatura topográfica completa Código de barras Visto por última vez Precio de reemplazo Tipo de ítem Koha
        Biblioteca del Ateneo de Madrid Biblioteca del Ateneo de Madrid Depósito 2 17/01/2008     C-28028 1029564 23/02/2023 23/02/2023 Libro impreso